000
00309nam a22001337a 4500
008
210226b ||||| |||| 00| 0 eng d
020
_a
9780205162857
041
_a
eng
080
_2
4th
_a
37
100
_a
46
101
_a
EDU
245
_a
Reading Strategies And Practices
_c
Tierney , J.R
942
_2
udc
_c
BK
999
_c
55279
_d
55279